000
00274nam a2200121Ia 4500
008
191201s2008 xx 000 0 und d
100
_a
DHAMIJA, PV
245
0
_a
Spoken English
260
_a
N.Delhi
_b
TMH
_c
2008
300
_a
281
650
_a
General Books
942
_2
ddc
_c
BK
999
_c
3351
_d
3351